Smart choice Workbook 3

Wedi'i Gadw mewn:
Manylion Llyfryddiaeth
Prif Awdur: Wilson, Ken
Awduron Eraill: Wisniewska, Ingrid
Fformat: Llyfr
Cyhoeddwyd: Oxford Oxford Univ. Press 2007
Pynciau:
Tagiau: Ychwanegu Tag
Dim Tagiau, Byddwch y cyntaf i dagio'r cofnod hwn!
Thư viện lưu trữ: Trung tâm Học liệu Lê Vũ Hùng, Trường Đại học Đồng Tháp
LEADER 00843pam a22003018a 4500
001 00027752
005 20171026081023.0
008 111219s2007 ||||||Engsd
020 # # |a 9780194305990 
041 0 # |a Eng 
082 1 4 |a 428  |b SM110CH 
100 1 # |a Wilson, Ken 
245 1 0 |b Workbook 3  |c Ken Wilson, Ingrid Wisniewska  |a Smart choice 
260 # # |b Oxford Univ. Press  |a Oxford  |c 2007 
300 # # |a 76p.  |b ill.  |c 30cm. 
650 # 4 |a Tiếng Anh  |x Ngữ pháp 
653 # # |a Anh ngữ thực hành 
700 1 # |a Wisniewska, Ingrid 
852 # # |b Kho mượn  |j KM.0003334 
852 # # |b Kho đọc  |j KD.0012836 
852 # # |j KD.0012837  |j KM.0003334 
910 0 # |d 19/12/2011 
980 # # |a Trung tâm Học liệu Lê Vũ Hùng, Trường Đại học Đồng Tháp